banner-ar

EQUALITY AND DIVERSITY IN EDUCATION 2: NATIONAL AND INTERNATIONAL CONTEXTS / (Record no. 12621)

MARC details
000 -الفاتح
حقل البيانات ثابتة الطول 00577nam a2200193Ia 4500
008 - عناصر البيانات ثابتة الطول - معلومات عامة
حقل البيانات ثابتة الطول 140319s9999 xx 000 0 eng d
040 ## - مصدر الفهرسة
وكالة الفهرسة الأصلية GCL /
وكالة النسخ GCL
082 04 - رقم تصنيف ديوى العشرى
رقم التصنيف 371.90941
رقم المادة P E
100 1# - المدخل الرئيسى - إسم شخصى
الإسم الشخصى POTTER, PATRICIA
245 10 - بيان العنوان
العنوان EQUALITY AND DIVERSITY IN EDUCATION 2: NATIONAL AND INTERNATIONAL CONTEXTS /
بيان المسئوليه,etc POTTER, PATRICIA
700 1# - المدخل الاضافى - اسم شخصى
الإسم الشخصى MASTERTON, MARY
700 1# - المدخل الاضافى - اسم شخصى
الإسم الشخصى ARMSTRONG, FELICITY
260 ## - PUBLICATION, DISTRIBUTION, ETC. (IMPRINT)
تاريخ النشر أو التوزيع 1995
650 04 - المدخل الاضافى بالموضوع-مصطلح موضوعى
مصطلح موضوعي EDUCATIONAL EQUALIZATION
650 04 - المدخل الاضافى بالموضوع-مصطلح موضوعى
مصطلح موضوعي EDUCATION AND STATE
650 04 - المدخل الاضافى بالموضوع-مصطلح موضوعى
مصطلح موضوعي SPECIAL EDUCATION
942 ## - عناصر المدخل الإضافي( كوها)
مصدر التصنيف او مخطط الترفيف Dewey Decimal Classification
Koha [default] item type كتاب
260 ## - PUBLICATION, DISTRIBUTION, ETC. (IMPRINT)
-- [S.N] :
-- ROUTLEDGE ،
Holdings
حالة التراجع حالة الفقد حالة تلف ليس للاعارة المكان المؤقت الموقع الحالى تاريخ الاكتساب اجمالي اﻻعارات رقم الطلب الباركود تاريخ اخر مشاهدة تاريخ تفعيل السعر نوع وعاء كوها
        مكتبة القاهرة الكبرى مكتبة القاهرة الكبرى 03/26/2014   371.90941\P E 24483 03/26/2014 03/26/2014 كتاب
        مكتبة القاهرة الكبرى مكتبة القاهرة الكبرى 03/26/2014   371.90941\P E 24484 03/26/2014 03/26/2014 كتاب
        مكتبة القاهرة الكبرى مكتبة القاهرة الكبرى 03/26/2014   371.90941\P E 24485 03/26/2014 03/26/2014 كتاب

Powered By

EGPV